000 01096nam a2200253M 4500
001 sweetvalleykidse00stew
003 CaSfIA
005 20210119101015.0
007 cr||||
008 000203s1990 nyu 000 0 und d
040 _aTXBRI
_cTXBRI
_dCaSfIA
020 _a0553157612
020 _a9780553157611
035 _a(OCoLC)608951963
100 1 _aPascal, Francine.
245 1 0 _aSweet Valley Kids Elizabeth's Valentine.
_h[electronic resource]
260 _aNew York
_bBantam
_c1990.
300 _a73p., ill., 20cm.
856 4 1 _uhttp://www.archive.org/details/sweetvalleykidse00stew
_zFree eBook from the Internet Archive
856 4 2 _uhttp://www.openlibrary.org/books/OL24614878M
_zAdditional information and access via Open Library
942 _cEB
506 _fНеобхідна авторизація на https://archive.org/ (створення облікового запису безкоштовно)
506 _fНеобхідна авторизація на https://openlibrary.org/ (створення облікового запису безкоштовно)
999 _c554587
_d554587